Виктор, или Дитя в лесу, // Ч.1 (Запись № 9680003)

Подробности
000 -МАРКЕР
контрольное поле 02046nam1a22004451 4500
001 - ИДЕНТИФИКАТОР ЗАПИСИ
контрольное поле RU\NLR\A1\12917
005 - ИДЕНТИФИКАТОР ВЕРСИИ
контрольное поле 20260407103927.0
035 ## - ДРУГИЕ СИСТЕМНЫЕ НОМЕРА
Идентификатор записи (NLR Aleph) 009675350
100 ## - ДАННЫЕ ОБЩЕЙ ОБРАБОТКИ
Данные общей обработки 20260119 rusy50
101 1# - ЯЗЫК РЕСУРСА
Язык текста, звукозаписи и т.д. русский
Язык оригинала французский
102 ## - СТРАНА ПУБЛИКАЦИИ ИЛИ ПРОИЗВОДСТВА
Страна публикации Российская Федерация
140 ## - ПОЛЕ КОДИРОВАННЫХ ДАННЫХ: СТАРОПЕЧАТНЫЕ ИЗДАНИЯ - ОБЩАЯ ИНФОРМАЦИЯ
Кодированные данные о старопечатном издании - Основные y a e eayaa0000
200 1# - ЗАГЛАВИЕ И СВЕДЕНИЯ ОБ ОТВЕТСТВЕННОСТИ
Основное заглавие Виктор, или Дитя в лесу,
Первые сведения об ответственности сочинение гна Дюкре-Дюминиля, автора Лолотты и Фанфана, Алексиса или Домика в лесу, и проч.
Последующие сведения об ответственности Переведенное с французскаго подлинника
210 ## - ПУБЛИКАЦИЯ, РАСПРОСТРАНЕНИЕ И ДР.
Место издания, распространения и т.д. Москва
Имя издателя, распространителя и т. д. в Университетской типографии, у Ридигера и Клаудия
Дата издания, распространения и т.д. 1799-1800
215 ## - ФИЗИЧЕСКАЯ ХАРАКТЕРИСТИКА
Размеры 12°
300 ## - ОБЩИЕ ПРИМЕЧАНИЯ
Текст примечания Ценз.: Моск. ценз.
321 1# - ПРИМЕЧАНИЯ ОБ ОТДЕЛЬНО ИЗДАННЫХ УКАЗАТЕЛЯХ / РЕФЕРАТАХ / ССЫЛКАХ, ОТРАЖАЮЩИХ КАТАЛОГИЗИРУЕМЫЙ ДОКУМЕНТ
Примечания об указателях, рефератах, ссылках СК XVIII 2083
327 0# - ПРИМЕЧАНИЯ О СОДЕРЖАНИИ
Текст примечания На с.351-360 ч.4 список подисавшихся на издание.
463 #0 - УРОВЕНЬ ФИЗИЧЕСКОЙ ЕДИНИЦЫ
Встроенное поле 001RU\NLR\A1\12918
Системный номер (АБИС) связанной записи 9680007
Дата публикации 1799
Физическая характеристика I-VI, 7-262 с., 1 л. ил.
Заглавие Ч.1
463 #0 - УРОВЕНЬ ФИЗИЧЕСКОЙ ЕДИНИЦЫ
Встроенное поле 001RU\NLR\A1\12919
Системный номер (АБИС) связанной записи 9680010
Дата публикации 1799
Физическая характеристика 268 с., 1 л. ил.
Заглавие Ч.2
463 #0 - УРОВЕНЬ ФИЗИЧЕСКОЙ ЕДИНИЦЫ
Встроенное поле 001RU\NLR\A1\12920
Системный номер (АБИС) связанной записи 9680014
Дата публикации 1800
Физическая характеристика 256 с., 1 л. ил.
Заглавие Ч.3
463 #0 - УРОВЕНЬ ФИЗИЧЕСКОЙ ЕДИНИЦЫ
Встроенное поле 001RU\NLR\A1\12921
Системный номер (АБИС) связанной записи 9680018
Дата публикации 1800
Физическая характеристика 360 с., 1 л. ил.
Заглавие Ч.4
517 1# - ДРУГИЕ ВАРИАНТЫ ЗАГЛАВИЯ
Вариант заглавия Дитя в лесу
620 ## - МЕСТО И ДАТА ПУБЛИКАЦИИ, ИСПОЛНЕНИЯ И Т. Д.
Город Москва
700 #1 - ИМЯ ЛИЦА - ПЕРВИЧНАЯ ОТВЕТСТВЕННОСТЬ
Код отношения Автор
Графика поля Кириллица
Материалы, к которым относится поле rus
Начальный элемент ввода Дюкре-Дюминиль
Часть имени, кроме начального элемента ввода Ф. Г.
Даты 1761-1819
Расширение инициалов личного имени Франсуа Гийом
Системный номер авторитетной/нормативной записи 172794
Идентификатор авторитетной/нормативной записи RU\NLR\AUTH\770172845
702 #1 - ИМЯ ЛИЦА - ВТОРИЧНАЯ ОТВЕТСТВЕННОСТЬ
Начальный элемент ввода Ридигер
Часть имени, кроме начального элемента ввода Х.
Расширение инициалов личного имени Христиан
Код отношения Печатник (типограф)
702 #1 - ИМЯ ЛИЦА - ВТОРИЧНАЯ ОТВЕТСТВЕННОСТЬ
Начальный элемент ввода Клаудий
Часть имени, кроме начального элемента ввода Х.А.
Даты -1805
Расширение инициалов личного имени Христофор Александрович
Код отношения Печатник (типограф)
712 02 - НАИМЕНОВАНИЕ ОРГАНИЗАЦИИ - ВТОРИЧНАЯ ОТВЕТСТВЕННОСТЬ
Код отношения Печатник (типограф)
Начальный элемент ввода Московский университет
Структурное подразделение Типография
Идентификатор авторитетной/нормативной записи RU\NLR\AUTH\889932963
Системный номер авторитетной/нормативной записи 361140
801 #0 - ИСТОЧНИК ЗАПИСИ
Страна Российская Федерация
Организация NLR
Дата составления 19971129
852 ## - МЕСТОНАХОЖДЕНИЕ И ШИФР ХРАНЕНИЯ
Идентификатор организации NLR
Шифр хранения (Call Number) 18.262.5.15-2 (ч.2)
852 ## - МЕСТОНАХОЖДЕНИЕ И ШИФР ХРАНЕНИЯ
Идентификатор организации NLR
Шифр хранения (Call Number) 137/271 (ч.1)
899 ## - ДАННЫЕ О МЕСТОНАХОЖДЕНИИ (устаревшее)
Местонахождение РГБ
-- Ч.1, 2
899 ## - ДАННЫЕ О МЕСТОНАХОЖДЕНИИ (устаревшее)
Местонахождение БАН
899 ## - ДАННЫЕ О МЕСТОНАХОЖДЕНИИ (устаревшее)
Местонахождение ВГБИЛ
-- Ч.2 деф.
899 ## - ДАННЫЕ О МЕСТОНАХОЖДЕНИИ (устаревшее)
Местонахождение ГПИБ
942 ## - ДОПОЛНИТЕЛЬНЫЕ ЭЛЕМЕНТЫ ЗАПИСИ (АБИС)
Тип экземпляра АБИС Книга
980 ## - КОЛЛЕКЦИЯ
Название коллекции Национальная библиография
980 ## - КОЛЛЕКЦИЯ
Название коллекции Русская книга гражданской печати XVIII в. в библиотеках РФ

Нет доступных экземпляров.